Observatorio Demográfico : América Latina y el Caribe = Demografic Observatory : Latin American and the Caribean/

সংরক্ষণ করুন:
গ্রন্থ-পঞ্জীর বিবরন
সংস্থা লেখক: Centro Latinoamericano y Caribeño de Demografía (CELADE)-División de la CEPAL
বিন্যাস: গ্রন্থ
ভাষা:Spanish
প্রকাশিত: Chile: CELADE,
বিষয়গুলি:
ট্যাগগুলো: ট্যাগ যুক্ত করুন
কোনো ট্যাগ নেই, প্রথমজন হিসাবে ট্যাগ করুন!

MARC

LEADER 00000nam a22000007a 4500
003 cru CIDCACS/IIS
005 20171213112417.0
007 ta
008 171213b cl |||||r||||||0| | spa d
999 |c 40732  |d 40732 
022 |a 1990424X 
040 |c cru CIDCACS/IIS 
090 |a REV1659 
110 2 |9 5319  |a Centro Latinoamericano y Caribeño de Demografía (CELADE)-División de la CEPAL 
245 1 |a Observatorio Demográfico :  |b América Latina y el Caribe = Demografic Observatory : Latin American and the Caribean/  |c CELADE 
260 |a Chile:  |b CELADE, 
270 |a Centro Latinoamericano y Caribeño de Demografía (CELADE)-División de la CEPAL, casilla 179-D,   |c Santiago,  |d Chile  |l 56-2-2208 01 96  |m celade@eclac.cl 
310 |a Anual 
500 |a EXISTENCIAS : 2006 1(1 y cuadro adjunto Matriz de origen y destino delos migrantes) 2006 (2) Población económicamente activa) 2007(3,4) 
650 4 |9 2602  |a POBLACION 
650 4 |9 3428  |a DEMOGRAFIA 
650 1 0 |9 299  |a MIGRACION 
942 |2 ddc  |c PP